| 000 | 00445cam a22001571 4500 | ||
|---|---|---|---|
| 040 | _cODaWU | ||
| 082 | _a591 UNI 1954 A080 Or. | ||
| 100 | 1 | _aAndrewartha, H. G. | |
| 245 | 1 | 4 | _aThe distribution and abundance of animals, |
| 260 |
_aChicago, _bUniversity of Chicago Press _c[1954] |
||
| 300 |
_axv, 782 p. _billus., maps. _c25 cm. |
||
| 650 | 0 | _aAnimal ecology. | |
| 650 | 0 | _aPhysiology, Comparative. | |
| 700 | 1 | _aBirch, Charles, | |
| 942 | _cEK | ||
| 999 |
_c15794 _d15794 |
||